Navigating Trade Restrictions

Guardado en:
Detalles Bibliográficos
Autor principal: Astrov, Vasily
Otros Autores: Brockhaus, Carsten, Hinz, Julian
Formato: Libro
Lenguaje:inglés
Publicado: Vienna The Vienna Institute for International Economic Studies 2024
Materias:
Etiquetas: Agregar Etiqueta
Sin Etiquetas, Sea el primero en etiquetar este registro!

MARC

LEADER 00000nlm a2200000 4500
001 0299421
005 20240416114218.3
041 0 |a eng 
044 |a AT 
245 1 0 |a Navigating Trade Restrictions  |c Vasily Astrov ... [et al.] 
264 1 |a Vienna  |b The Vienna Institute for International Economic Studies  |c 2024 
300 |a 17 s. 
610 2 0 |a obchod zahraničný 
610 2 0 |a vzťahy politické medzinárodné 
610 2 0 |a konflikty medzinárodné 
610 2 0 |a sankcie 
610 2 0 |a obmedzenie vývozu 
610 2 0 |a doprava námorná 
610 2 0 |a Rusko 
100 1 |a Astrov, Vasily 
700 1 |a Brockhaus, Carsten 
700 1 |a Hinz, Julian